MARC details
| 000 -LEADER |
| campo de control de longitud fija |
02312cam a2200409 a 4500 |
| 001 - NÚMERO DE CONTROL |
| campo de control |
16073789 |
| 003 - IDENTIFICADOR DE NÚMERO DE CONTROL |
| campo de control |
BJBSDDR |
| 005 - FECHA Y HORA DE LA ÚLTIMA TRANSACCIÓN |
| campo de control |
20230410133044.0 |
| 006 - CÓDIGOS DE INFORMACIÓN DE LONGITUD FIJA--CARACTERÍSTICAS DEL MATERIAL ADICIONAL |
| campo de control de longitud fija |
a|||||r|||| 00| 0 |
| 007 - CAMPO FIJO DE DESCRIPCIÓN FÍSICA--INFORMACIÓN GENERAL |
| campo de control de longitud fija |
ta |
| 008 - DATOS DE LONGITUD FIJA--INFORMACIÓN GENERAL |
| campo de control de longitud fija |
100128s2010 nyu 000 0 eng |
| 010 ## - NÚMERO DE CONTROL DE LA BIBLIOTECA DEL CONGRESO |
| Número de control de LC |
2010003787 |
| 020 ## - NÚMERO INTERNACIONAL ESTÁNDAR DEL LIBRO |
| Número Internacional Estándar del Libro |
9780061962653 (hardback) |
| 020 ## - NÚMERO INTERNACIONAL ESTÁNDAR DEL LIBRO |
| Número Internacional Estándar del Libro |
0061962651 (hardback) |
| 035 ## - NÚMERO DE CONTROL DEL SISTEMA |
| Número de control de sistema |
(OCoLC)ocn456180730 |
| 040 ## - FUENTE DE CATALOGACIÓN |
| Centro catalogador/agencia de origen |
DLC |
| Centro/agencia transcriptor |
DLC |
| Centro/agencia modificador |
YDX |
| -- |
YDXCP |
| -- |
NSB |
| -- |
BUR |
| -- |
CDX |
| -- |
VP@ |
| -- |
DLC |
| Lengua de catalogación |
eng |
| 041 ## - CÓDIGO DE IDIOMA |
| Código de lengua del texto/banda sonora o título independiente |
eng |
| 042 ## - CÓDIGO DE AUTENTICACIÓN |
| Código de autenticación |
pcc |
| 050 14 - SIGNATURA TOPOGRÁFICA DE LA BIBLIOTECA DEL CONGRESO |
| Número de clasificación |
BF 315 |
| Número de ítem |
C549s 2010 |
| 082 00 - NÚMERO DE LA CLASIFICACIÓN DECIMAL DEWEY |
| Número de clasificación |
154.2 |
| 100 1# - ENTRADA PRINCIPAL--NOMBRE DE PERSONA |
| Nombre de persona |
Chopra, Deepak, |
| 9 (RLIN) |
906 |
| Fechas asociadas al nombre |
1946- |
| 245 14 - MENCIÓN DEL TÍTULO |
| Título |
The shadow effect : |
| Resto del título |
illuminating the hidden power of your true self / |
| Mención de responsabilidad, etc. |
Deepak Chopra, Debbie Ford, Marianne Williamson. |
| 250 ## - MENCION DE EDICION |
| Mención de edición |
1st ed. |
| 260 ## - PUBLICACIÓN, DISTRIBUCIÓN, ETC. |
| Lugar de publicación, distribución, etc. |
New York : |
| Nombre del editor, distribuidor, etc. |
HarperOne, |
| Fecha de publicación, distribución, etc. |
c2010. |
| 300 ## - DESCRIPCIÓN FÍSICA |
| Extensión |
193 pages ; |
| Dimensiones |
24 cm. |
| 505 0# - NOTA DE CONTENIDO CON FORMATO |
| Nota de contenido con formato |
The shadow / Deepak Chopra -- Making peace with ourselves, others, and the world / Debbie Ford -- Only light can cast out darkness / Marianne Williamson -- The shadow efffect test. |
| 520 ## - RESUMEN, ETC. |
| Sumario, etc. |
The shadow is a part of the unconscious mind consisting of repressed weaknesses and base instincts. "Everyone carries a shadow," Jung wrote, "and the less it is embodied in the individual's conscious life, the blacker and denser it is." Now, three of today's most popular spiritual teachers join forces in this remarkable exploration of the dark side--the emotions and traits we are most afraid of and instinctively hide. When we reject or refuse to acknowledge this part of our nature, we become susceptible to those emotions and traits negatively impacting us. The shadow makes it presence known whether we want it to or not. The difference is that if uninvited, our dark side has the potential to hurt us and our loved ones at any moment, but by embracing our shadow we embark on a rewarding journey to wholeness.--From publisher description. |
| 650 #0 - PUNTO DE ACCESO ADICIONAL DE MATERIA--TÉRMINO DE MATERIA |
| Término de materia o nombre geográfico como elemento de entrada |
Subconsciousness. |
| 650 #4 - PUNTO DE ACCESO ADICIONAL DE MATERIA--TÉRMINO DE MATERIA |
| Término de materia o nombre geográfico como elemento de entrada |
Subconsciencia |
| 9 (RLIN) |
23846 |
| 650 #0 - PUNTO DE ACCESO ADICIONAL DE MATERIA--TÉRMINO DE MATERIA |
| Término de materia o nombre geográfico como elemento de entrada |
Psychology. |
| 650 #4 - PUNTO DE ACCESO ADICIONAL DE MATERIA--TÉRMINO DE MATERIA |
| Término de materia o nombre geográfico como elemento de entrada |
Psicología |
| 9 (RLIN) |
1420 |
| 700 1# - ENTRADA AGREGADA--NOMBRE PERSONAL |
| Nombre de persona |
Ford, Debbie, |
| 9 (RLIN) |
26374 |
| Fechas asociadas al nombre |
1955-2013 |
| 700 1# - ENTRADA AGREGADA--NOMBRE PERSONAL |
| Nombre de persona |
Williamson, Marianne Deborah, |
| Fechas asociadas al nombre |
1952- |
| 9 (RLIN) |
26375 |
| 906 ## - ELEMENTOS DE DATOS F LOCAL, LDF (RLIN) |
| a |
7 |
| b |
cbc |
| c |
orignew |
| d |
1 |
| e |
ecip |
| f |
20 |
| g |
y-gencatlg |
| 942 ## - ELEMENTOS DE ENTRADA SECUNDARIOS (KOHA) |
| Fuente del sistema de clasificación o colocación |
Clasificación de Library of Congress |
| Tipo de ítem Koha |
Libro |